| 000 | 00680nam a2200217Ia 4500 | ||
|---|---|---|---|
| 003 | GCL | ||
| 008 | 140319s9999 xx 000 0 ara d | ||
| 040 |
_aGCL / _cGCL |
||
| 082 | 0 | 4 |
_aق _b923.7 _bم ا |
| 100 | 1 | _aمحمد عمارة | |
| 245 | 1 | 0 |
_aالاعمال الكاملة لعلى مبارك / _cمحمد عمارة |
| 260 |
_a[S.N] : _bالمؤسسة العربية للدراسات والنشر ، _c1981 |
||
| 490 | _a | ||
| 650 | 0 | 4 | _aالعصر الحديث |
| 650 | 0 | 4 | _aمصر |
| 650 | 0 | 4 | _aالاحوال الاجتماعية |
| 650 | 0 | 4 | _aالاحوال الاقتصادية |
| 650 | 0 | 4 | _aالتاريخ |
| 650 | 0 | 4 | _aعلى مبارك |
| 942 |
_2ddc _cBK |
||
| 999 |
_c57833 _d57833 |
||